000 01021nam a2200289 i 4500
003 DO-SdBNP
005 20251010095034.0
007 ta
008 230516e2022 dr |||gr|||| 001 e spa d
020 _a9789945250374
040 _aDO-SdBNP
_bspa
_cBNPHU
_erda
041 _aspa
082 4 _axxx
_bP123a
_222
100 1 _aPadilla d'Onis, Luis,
_d 1881-1956
_eautor
_4aut.
_983384
245 1 0 _aAlrededor de la crisis /
_cLuis de Padilla D'onis ; edición, Wiliam Capellán, Kary Alba Rocha ; presentación, Raymundo González
264 4 _aSanto Domingo :
_bArchivo General de la Nación,
_c©2022.
300 _a87 páginas ;
_c21 cm.
336 _atexto
_btxt
_2rdaconten
337 _asin medición
_bn
_2rdamedia
338 _avolumen
_brda
_2rdacarrier
490 1 _aCuadernos Populares ;
_v9
590 _aInventariado 2023 / MF
700 1 _aCapellán, William,
_eeditor
_4ed.
_976573
700 1 _aRocha, Kary Alba
_eeditor
_4ed.
_977797
700 2 _aGonzález, Raymundo,
_epresentación
_96373
942 _2ddc
_cLBS1
999 _c53525
_d53525